[Event "37th Belgrade Trophy 2024"]
[Site "Belgrade"]
[Date "2024.11.25"]
[Round "3.10"]
[White "Vulinovic, Radivoje"]
[Black "Gevorgyan, David Sh."]
[Result "1/2-1/2"]
[WhiteElo "2040"]
[BlackElo "2247"]
[Annotator "RC"]
[PlyCount "68"]
[EventDate "2024.11.23"]
[EventCountry "SRB"]
[SourceTitle "playchess.com"]
[Source "ChessBase"]
[SourceQuality "1"]
[TimeControl "40/5400+30:900+30"]

1. Nf3 {[%emt 0:10:23]} Nf6 {[%emt 0:00:05]} 2. g3 {[%emt 0:00:17]} c5 {[%emt 0:00:16]} 3. Bg2 {[%emt 0:00:19]} Nc6 {[%emt 0:00:09]} 4. d4 {[%emt 0:00:14]} cxd4 {[%emt 0:00:09]} 5. Nxd4 {[%emt 0:00:06]} e5 {[%emt 0:00:04]} 6. Nxc6 {[%emt 0:04:06]} dxc6 {[%emt 0:00:15]} 7. Qxd8+ {[%emt 0:00:12]} Kxd8 {[%emt 0:00:07]} 8. Nc3 {[%emt 0:00:29]} Kc7 {[%emt 0:02:30]} 9. Bd2 {[%emt 0:00:43]} Bc5 {[%emt 0:06:36]} 10. h3 {[%emt 0:03:23]} Be6 {[%emt 0:07:26]} 11. Rf1 {[%emt 0:00:33]} Rad8 {[%emt 0:05:03]} 12. O-O-O {[%emt 0:03:02]} b5 {[%emt 0:08:58]} 13. Kb1 {[%emt 0:03:53]} Kb6 {[%emt 0:07:49]} 14. Bc1 {[%emt 0:02:17]} Bd4 {[%emt 0:07:41]} 15. Bd2 {[%emt 0:02:13]} Rd7 {[%emt 0:16:42]} 16. e3 {[%emt 0:00:41]} Bc5 {[%emt 0:00:24]} 17. Bc1 {[%emt 0:00:05]} Rhd8 {[%emt 0:00:28]} 18. Rxd7 {[%emt 0:00:11]} Rxd7 {[%emt 0:00:10]} 19. Rd1 {[%emt 0:00:15]} Rxd1 {[%emt 0:03:36]} 20. Nxd1 {[%emt 0:00:06]} Bd5 {[%emt 0:00:51]} 21. f3 {[%emt 0:07:33]} a5 {[%emt 0:10:46]} 22. g4 {[%emt 0:01:25]} h5 {[%emt 0:02:07]} 23. Nc3 {[%emt 0:01:03]} hxg4 {[%emt 0:08:40]} 24. hxg4 {[%emt 0:01:41]} e4 {[%emt 0:03:54]} 25. Nxd5+ {[%emt 0:12:55]} cxd5 {[%emt 0:06:07]} 26. c3 {[%emt 0:00:43]} Kc6 {[%emt 0:01:04]} 27. Kc2 {[%emt 0:00:46]} Kd6 {[%emt 0:01:08]} 28. Kd2 {[%emt 0:01:55]} exf3 {[%emt 0:00:25]} 29. Bxf3 {[%emt 0:00:08]} Ne4+ {[%emt 0:00:06]} 30. Kd3 {[%emt 0:01:08]} Nf2+ {[%emt 0:00:20]} 31. Ke2 {[%emt 0:00:08]} Ne4 {[%emt 0:00:03]} 32. Kd3 {[%emt 0:00:22]} Nf2+ {[%emt 0:01:41]} 33. Ke2 {[%emt 0:00:26]} Ne4 {[%emt 0:00:05]} 34. Kd3 {[%emt 0:02:48]} Nf2+ {[%emt 0:01:45]} 1/2-1/2